00478nam a2200133 a 4500008004100000050001300041110002900054245012500083260004400208300002000252350000900272650002100281650004200302100906s1981 ||||||||||||||||| || u aCOMM(02) aCommonwealth Secretariat10aRural technology workshop, South Pacific, Suva, Fiji: 29 june - 10 july 1981: summary of conclusions and recommendations aLondon:bCommonwealth Secretariatc1981 avariant pagings a0.00 7aTECHNOLOGY2fast aAPPROPRIATE TECHNOLOGY--SOUTH PACIFIC